| 000 | 00379nam a22001577a 4500 | ||
|---|---|---|---|
| 999 |
_c14788 _d14788 |
||
| 020 | _a9788122419177 | ||
| 082 |
_a604 _bNAR/MA |
||
| 100 |
_aNarayana, K.L _91998 |
||
| 245 | _aMachine drawing | ||
| 250 | _a3rd | ||
| 260 |
_aNew Delhi _bNew Age International Publishers _c2006 |
||
| 300 | _a451p | ||
| 700 |
_aKannaiah. P _9308 |
||
| 700 |
_aReddy, Venkata K _91999 |
||
| 942 | _cBK | ||